| 000 -LEADER |
| fixed length control field |
00512nam a22001697a 4500 |
| 008 - FIXED-LENGTH DATA ELEMENTS--GENERAL INFORMATION |
| fixed length control field |
150610b xxu||||| |||| 00| 0 eng d |
| 041 0# - LANGUAGE CODE |
| Language code of text/sound track or separate title |
eng |
| 080 ## - UNIVERSAL DECIMAL CLASSIFICATION NUMBER |
| Universal Decimal Classification number |
172.12 |
| 245 00 - TITLE STATEMENT |
| Title |
the townsmen |
| Statement of responsibility, etc |
by the editors of Time-Life Books, with text by Keith Wheeler. |
| 260 ## - |
| -- |
New York : |
| -- |
Time-Life Books, |
| -- |
[1975] |
| 300 ## - |
| -- |
240 f. : |
| -- |
me il. : |
| -- |
29 cm. |
| 500 ## - |
| -- |
Index: f.238-240 |
| 650 #0 - |
| -- |
Frontier and pioneer life |
| 650 #0 - |
| -- |
Kufiri dhe jeta e pionerve |
| 700 1# - |
| -- |
Wheeler, Keith. |
| 942 ## - ADDED ENTRY ELEMENTS (KOHA) |
| Source of classification or shelving scheme |
|
| Item type |
Books |